000 00648nam a2200241Ia 4500
003 OSt
005 20220925204755.0
006 a|||||r|||| 00| 0
007 ta
008 220923b |||||||| |||| 00| 0 eng d
037 _cGeneral Book
040 _aRTL
_cRTL
_beng
041 _2eng
_aeng
082 _azN, L4
100 _aPradhan Benudhar
245 0 _aSocialist thought of Jawaharlal Nehru
260 _aGurgaon
_bAcademic Press
_c1974
300 _axii,342p.
_ccm.
500 _aBibliography: P 325-31
650 _aNehruana
_9240287
942 _hzN, L4
_cGB
_2CC
999 _c550374
_d550374